[Event "BCF-ch U13"]
[Site "Bournemouth"]
[Date "2016.08.03"]
[Round "5"]
[White "Jaberansari, Daniel"]
[Black "Gelain Sohn, Elias"]
[Result "1/2-1/2"]
[WhiteElo "1570"]
[BlackElo "1484"]
[PlyCount "40"]
[EventDate "2016.07.31"]
[EventType "swiss"]
[EventRounds "7"]
[EventCountry "ENG"]
[SourceTitle "CBM 173 Extra"]
[Source "ChessBase"]
[SourceDate "2016.08.29"]
[SourceVersion "1"]
[SourceVersionDate "2016.08.29"]
[SourceQuality "1"]

1. e4 e6 2. d4 d5 3. Nc3 Nf6 4. e5 Nfd7 5. f4 Bb4 6. Bd2 Bxc3 7. Bxc3 c5 8. Nf3 c4 9. Be2 Nc6 10. Qd2 b5 11. a3 a5 12. 0-0 Rb8 13. Qe1 0-0 14. Qg3 f6 15. Bd2 f5 16. c3 a4 17. Qh3 Qe7 18. Ng5 g6 19. Qh6 Nb6 20. Rf3 Qg7 1/2-1/2

[Event "BCF-ch U12"]
[Site "Coventry"]
[Date "2015.08.07"]
[Round "7"]
[White "Gelain Sohn, Elias"]
[Black "Lutchman Singh, Aishwarya"]
[Result "1/2-1/2"]
[WhiteElo "1514"]
[BlackElo "1653"]
[PlyCount "80"]
[EventDate "2015.08.02"]
[EventType "swiss"]
[EventRounds "7"]
[EventCountry "ENG"]
[SourceTitle "CBM 167 Extra"]
[Source "ChessBase"]
[SourceDate "2015.09.14"]
[SourceVersion "1"]
[SourceVersionDate "2015.09.14"]
[SourceQuality "1"]

1. e4 e5 2. Nf3 Nc6 3. Bb5 a6 4. Ba4 Bc5 5. 0-0 Nf6 6. Bxc6 dxc6 7. Nxe5 0-0 8. d3 h6 9. Nf3 Ng4 10. Qe2 Re8 11. h3 Nxf2 12. Rxf2 Bxf2+ 13. Qxf2 Qf6 14. Nc3 Bd7 15. Be3 b5 16. a3 a5 17. Nd1 Kh7 18. c3 Kg8 19. Qc2 Bxh3 20. gxh3 Qxf3 21. Qg2 Qxg2+ 22. Kxg2 Rad8 23. Nf2 Rd7 24. Kf3 Rde7 25. Rg1 Kh7 26. Rg4 g6 27. Bd2 a4 28. Rf4 Kg7 29. Bc1 h5 30. Bd2 Re6 31. Bc1 Rf6 32. Rxf6 Kxf6 33. d4 Ke6 34. Nd3 f6 35. h4 Rg8 36. Nc5+ Ke7 37. Bf4 g5 38. hxg5 fxg5 39. Bxc7 h4 40. Kg4 Kf6 1/2-1/2

[Event "Hampstead op U2200 11-A"]
[Site "Hampstead"]
[Date "2013.11.23"]
[Round "2"]
[White "Sanitt, Leo"]
[Black "Gelain Sohn, Elias"]
[Result "1-0"]
[WhiteElo "1626"]
[BlackElo "1298"]
[PlyCount "113"]
[EventDate "2013.11.23"]
[EventType "swiss"]
[EventRounds "5"]
[EventCountry "ENG"]
[SourceTitle "EXT 2015"]
[Source "ChessBase"]
[SourceDate "2014.11.20"]
[SourceVersion "1"]
[SourceVersionDate "2014.11.20"]
[SourceQuality "1"]

1. Nf3 Nc6 2. d4 d5 3. c4 Nf6 4. cxd5 Nxd5 5. e4 Nb6 6. Bb5 Bd7 7. Nc3 e6 8. 0-0 g6 9. Re1 Bg7 10. Bg5 Bf6 11. Bh6 Qe7 12. e5 Bh4 13. g3 a6 14. Bf1 Qb4 15. Nxh4 Qxb2 16. Ne2 0-0-0 17. Qb3 Qxb3 18. axb3 Ne7 19. Bg7 Rhg8 20. Bf6 Nbd5 21. Bxe7 Nxe7 22. Bg2 g5 23. Nf3 Bc6 24. Rad1 g4 25. Nd2 Bxg2 26. Kxg2 Nc6 27. Ne4 Rg6 28. Nf6 Rh6 29. Nxg4 Rg6 30. Nf6 Rh6 31. Rd3 Nxe5 32. Re3 Nc6 33. Ng4 Rh5 34. Ne5 Nxd4 35. g4 Rg5 36. Nxf7 Nc2 37. Nxg5 Nxe1+ 38. Kg3 Rd3 39. Rxd3 Nxd3 40. Nxe6 b5 41. f4 a5 42. Nc3 Kd7 43. f5 c6 44. Nd4 Nc1 45. f6 Ke8 46. Nxc6 Nxb3 47. Nxb5 Kf7 48. g5 a4 49. Ne5+ Kf8 50. h4 Na1 51. Na3 Nb3 52. h5 Nd2 53. Kg4 Kg8 54. g6 h6 55. f7+ Kg7 56. Nd7 Kh8 57. f8Q# 1-0